000 00620nam a22002297a 4500
003 UA-OsUOA
001 96333
007 ta
008 20130319b un ||||| |||| 00| 0 ukr d
100 _aМакаров А.
090 _a821.161.1
_bМ15
942 _cBK
040 _aUA-OsUOA
_brus
_cUA-OsUOA
_dUA-OsUOA
245 _aПоследний день лета
_bповести
300 _a384 с.
955 _a3
041 _arus
080 _a821.161.1
260 _aМ.
_bМолодая гвардия
_c1985
650 7 _a82 Література. Літературознавство
_2UDC
999 _c382581
_d382581